| 000 | 01190nmc a2200349 a 4500 | ||
|---|---|---|---|
| 003 | AR-BaBNM | ||
| 005 | 20251128210457.0 | ||
| 008 | 011101s1998 ||||||||||||||000 | spa|| | ||
| 020 | _a950-687-047-0 | ||
| 040 | _cAR-BaBNM | ||
| 245 | 1 | 0 | _aActividad física, deporte y vida al aire libre en la adolescencia |
| 260 |
_aBuenos Aires _bConicet _c1998 |
||
| 300 |
_a264 p. _bil., tablas |
||
| 490 | 0 | _aProciencia Conicet | |
| 500 | _aEste material forma parte del Proyecto Educación para la Salud | ||
| 504 | _aContiene bibliografía | ||
| 650 | 4 | _aEDUCACION FISICA | |
| 650 | 4 | _aADOLESCENTES | |
| 650 | 4 | _aACTIVIDADES DEPORTIVAS | |
| 650 | 4 | _aSALUD FISICA | |
| 650 | 4 | _aDESARROLLO MOTOR | |
| 650 | 4 | _aACTIVIDADES RECREATIVAS | |
| 650 | 4 | _aPERFECCIONAMIENTO DEL DOCENTE | |
| 653 | _aEDUCACION POLIMODAL | ||
| 653 | _aTERCER CICLO DE LA EGB | ||
| 700 | 1 |
_aGómez, Jorge _ecolaborador |
|
| 700 | 1 |
_aMachicote, Eduardo _ecolaborador |
|
| 700 | 1 |
_aAndreu, Gabriel _ecolaborador |
|
| 710 | 2 |
_aConsejo Nacional de Investigaciones Científicas y Técnicas [Argentina] _9CONICET _bPrograma Prociencia |
|
| 710 | 2 |
_aArgentina _bMinisterio de Cultura y Educación |
|
| 942 | _cBK | ||
| 999 |
_c15595 _d15595 |
||